| 000 | 00947nam a22002057a 4500 | ||
|---|---|---|---|
| 005 | 20250313193858.0 | ||
| 008 | 240325b ||||| |||| 00| 0 eng d0 | ||
| 082 | _aDPer 621.317 Ie21 September 2022 v.37 n. 9 | ||
| 100 |
_aWang, Can. _eauthor. _955256 |
||
| 245 |
_aDesign of full-order state observer for two-mass joint servo system based on the fixed gain filter / _cCan Wang, Jinliang Liu, Lekai Xin, Guochong Li, and Jianfei Pan |
||
| 260 |
_aNew York ; _bThe Institute of Electrical and Electronics Engineers, Inc., _cSeptember 2022. |
||
| 300 |
_avolume 37, _bpages 10466-10475, _cillustration. |
||
| 500 | _aIEEE Transitions on Power Electronics, v. 37 n. 9, pages 10466-10475, September 2022. | ||
| 700 |
_aWang, Can. _eauthor. _955256 |
||
| 700 |
_aLiu, Jinliang. _eauthor. _955257 |
||
| 700 |
_aXin, Lekai. _eauthor. _955258 |
||
| 700 |
_aLi, Guochong. _eauthor. _955259 |
||
| 700 |
_aPan, Jianfei. _eauthor. _955261 |
||
| 942 |
_2ddc _cPER |
||
| 999 |
_c19823 _d19823 |
||